The missing ring

Bibliographic Details
Main Author: Rann Baker
Format: Book
Published: Selangor : Sama Publication & Distributors Sdn.Bhd , 2003
Series:Popular Sang Kancil stories
Subjects:

MARC

LEADER 00000cam a2200000 7i4500
001 0000001707
005 20220105103925.0
020 |a 9679388948 
090 0 0 |a JP   |b ENG (1686) 
100 1 |a Rann Baker 
245 1 4 |a The missing ring   |c Rann Baker 
260 |a Selangor :   |b Sama Publication & Distributors Sdn.Bhd ,   |c 2003 
440 |a Popular Sang Kancil stories 
500 |a Children age 4-6 years old (yellow) 
650 0 |a Animal   |x Fiction 
650 0 |a Readers   |x Fiction 
999 |a 0000931954   |b Book   |c Children Collection   |e Cawangan Tangkak 
999 |a 0000931955   |b Book   |c Children Collection   |e Cawangan Tangkak 
999 |a 0000931956   |b Book   |c Children Collection   |e Cawangan Tangkak 
999 |a 0000965736   |b Book   |c Children Collection   |e Perbadanan Perpustakaan Awam Johor 
999 |a 0000965738   |b Book   |c Children Collection   |e Cawangan Bandar Tenggara 
999 |a 0000965739   |b Book   |c Children Collection   |e Cawangan Segamat